Royal Flush Quiz Stats

 Plays Quiz Updated Mar 6, 2012

Also try: Poker Hands
Challenge
Share
Tweet
Embed
Score 0/30 Timer 08:00
0 Plays Today
Flush answer % Correct
Royal Flush # 1Ace Ventura
96.5%
Royal Flush # 1Ten Commandments
90.6%
Royal Flush # 1King Kong
88.6%
Royal Flush # 2Jack Sparrow
87.9%
Royal Flush # 3Jack-in-the-box
80.3%
Royal Flush # 4Ten Most Wanted Fugitives
78%
Royal Flush # 1Jack Bauer
72.6%
Royal Flush # 4Queen of Soul
70%
Royal Flush # 5King Midas
69.5%
Royal Flush # 5Ten Hut
66%
Royal Flush # 3King of the Hill
63.1%
Royal Flush # 6Ace Hardware
61.2%
Royal Flush # 1Queen Latifah
59.2%
Royal Flush # 6Queen of the Nile
58.1%
Royal Flush # 6Jack of all trades
57.1%
Flush answer % Correct
Royal Flush # 3Ten Four
55.4%
Royal Flush # 2Ten Gallon Hat
50.8%
Royal Flush # 2Ace of Base
46.2%
Royal Flush # 4Jack Daniel's
43.9%
Royal Flush # 3Queen Elizabeth
27%
Royal Flush # 4King Cake
26.4%
Royal Flush # 5Jack Hanna
25.7%
Royal Flush # 6King Cobra
24.8%
Royal Flush # 3Ace Frehley
22.8%
Royal Flush # 2King Arthur
19.7%
Royal Flush # 2Queen Bee
9.1%
Royal Flush # 5Queen Anne's Lace
8.7%
Royal Flush # 4Ace Combat
8%
Royal Flush # 6Ten Pin Alley
7.5%
Royal Flush # 5Ace, the Bat-Hound
2.4%

You're not logged in!

Compare scores with friends on all Sporcle quizzes.
Join for Free
OR
Log In

You Might Also Like...

Show Comments

Extras

Top Quizzes Today


Score Distribution

Your Account Isn't Verified!

In order to create a playlist on Sporcle, you need to verify the email address you used during registration. Go to your Sporcle Settings to finish the process.

Report this User

Report this user for behavior that violates our Community Guidelines.

Details: